| 000 | 00638cam a22002413a 4500 | ||
|---|---|---|---|
| 001 | 5233 | ||
| 003 | PGUSA | ||
| 005 | 20140828083115.0 | ||
| 008 | 040301s2004||||xxu|||||s|||||000 1 eng d | ||
| 040 |
_aPGUSA _beng |
||
| 042 | _adc | ||
| 050 | 4 | _aPS | |
| 100 | 1 |
_aBeach, Rex, _d1877-1949 |
|
| 245 | 1 | 4 |
_aThe Iron Trail _h[electronic resource] / _cRex Beach |
| 260 |
_bProject Gutenberg, _c2004 |
||
| 506 | _aPublic domain in the USA. | ||
| 516 | _aElectronic text | ||
| 653 | _aWestern stories | ||
| 653 | _aAlaska -- Fiction | ||
| 830 | 0 |
_aProject Gutenberg _v5233 |
|
| 856 | 4 | 0 | _uhttp://www.gutenberg.org/ebooks/5233 |
| 942 | _cEB | ||
| 999 |
_c234562 _d234562 |
||